| 000 | 00479nam a2200169Ia 4500 | ||
|---|---|---|---|
| 008 | 231221s9999 xx 000 0 und d | ||
| 020 | _a9790000000000 | ||
| 041 | _aEnglish | ||
| 082 | _a372.622 SAD;1 R | ||
| 100 | _aSadanand, Kamlesh. Punitha, Susheela | ||
| 245 | 0 | _aSpoken English: a foundation course for speakers of Tamil. Part 1 | |
| 260 |
_c2008 _bOrient Longman Pvt. Ltd. _aHyderabad |
||
| 300 | _avi+203 | ||
| 300 | _cCD3820 | ||
| 500 | _aE.-509 | ||
| 942 | _cHM | ||
| 999 |
_c209215 _d209215 |
||